Statistics for March 16th: Birthdays

Click here to take the quiz!

General Stats

  • This quiz has been taken 3 times
  • The average score is 2 of 7

Answer Stats

YearClueAnswer% Correct
1941Director of Last TangoBernardo Bertolucci
100%
1751U.S. PresidentJames Madison
67%
1926ComedianJerry Lewis
33%
1799First person to publish a book with photosAnna Atkins
0%
1959Reality TV star on Public EnemyFlavor Flav
0%
1958TV anchorJorge Ramos
0%
1963Actor from New ZealandKevin Smith
0%

Score Distribution

Percentile by Number Answered

Percent of People with Each Score

Your Score History

You have not taken this quiz